Normal view
MARC view
Entry Topical Term
001 - CONTROL NUMBER
- control field: 25855
003 - CONTROL NUMBER IDENTIFIER
- control field:
005 - DATE AND TIME OF LATEST TRANSACTION
- control field: 20250820082136.0
008 - FIXED-LENGTH DATA ELEMENTS
- fixed length control field: 250820|| aca||aabn | a|a d
040 ## - CATALOGING SOURCE
- Original cataloging agency:
- Transcribing agency:
150 ## - HEADING--TOPICAL TERM
- Topical term or geographic name as entry element: Commercial law
- Geographic subdivision: England
- General subdivision: Examinations
- Form subdivision: Study guides
670 ## - SOURCE DATA FOUND
- Source citation: Work cat.: ()13312: Law for legal executives. Professional diploma in law. Level 3. Year II, Contract and consumer law, employment law, family law, wills, probate, and succession /, 2002.